00414nam a22001457a 450000500170000000800410001702000150005804100130007308200130008610000130009924500410011226000570015330000320021065000260024220240617074556.0240617b |||||||| |||| 00| 0 eng d a0406851050 aEnglish  a349 LAW  lEnglish  aThe All England Law Reports: Reprint aLondon: bButterworth and Co. Publishers Ltd, c1973 bxliv, 1040 pages; c25 cm.  aLegal practice bLaw